Diseño e implementación de un sistema de mando integral de ejecución de proyectos de construcción para una PYME, con la aplicación del sistema O4Bi, en un proyecto de construcción
Kaydedildi:
| Yazar: | |
|---|---|
| Diğer Yazarlar: | |
| Materyal Türü: | Kitap |
| Dil: | Spanish |
| Baskı/Yayın Bilgisi: |
[San José], Costa Rica
2022
|
| Konular: | |
| Etiketler: |
Etiketle
Etiket eklenmemiş, İlk siz ekleyin!
|
MARC
| LEADER | 00000nam a2200000Ia 4500 | ||
|---|---|---|---|
| 003 | 013559 | ||
| 005 | 20230426084145.0 | ||
| 008 | 140114s2022 cr a 000 ||spa d | ||
| 040 | |c cru CEDI | ||
| 100 | |a Araya López, Jhoselyn Denisse, 1994- |9 388 | ||
| 245 | |a Diseño e implementación de un sistema de mando integral de ejecución de proyectos de construcción para una PYME, con la aplicación del sistema O4Bi, en un proyecto de construcción | ||
| 260 | |a [San José], Costa Rica |c 2022 | ||
| 500 | |a Proyecto de graduación (licenciatura en ingeniería civil)--Universidad de Costa Rica. Facultad de Ingeniería. Escuela de Ingeniería Civil | ||
| 501 | |a Director de Proyecto de Graduación: Ing. Luis Gustavo Ruiz Cano, MBA | ||
| 650 | |x PROYECTOS DE CONSTRUCCION - PLANIFICACION - PROGRAMAS PARA COMPUTADORA |x INNOVACIONES TECNOLOGICAS |x CONTROL DE PROCESOS |x INDUSTRIA DE LA CONSTRUCCION |x CONTROL DE LA PRODUCCION - DISEÑO |x PROYECTOS DE CONSTRUCCION - EVALUACION |x PEQUEÑA Y MEDIANA EMPRESA | ||
| 700 | |9 216 |a Ruiz Cano, Luis Gustavo, 1981- |d Director del TFG | ||
| 942 | |c CEDI |h TFG 8710 |6 TFG_8710_000000000000000 | ||
| 999 | |c 22062 |d 22062 | ||
